Drug addiction in schools / (Record no. 67793)

MARC details
000 -LEADER
fixed length control field 00540nam a22001577a 4500
005 - DATE AND TIME OF LATEST TRANSACTION
control field 20120611124340.0
020 ## - INTERNATIONAL STANDARD BOOK NUMBER
International Standard Book Number 8125902503
Terms of availability 60.00
035 ## - SYSTEM CONTROL NUMBER
System control number A-902191
037 ## - SOURCE OF ACQUISITION
Stock number DPL
Source of stock number/acquisition ENG
100 ## - MAIN ENTRY--PERSONAL NAME
Personal name Kalra, R.M.
245 ## - TITLE STATEMENT
Title Drug addiction in schools /
Statement of responsibility, etc by R.M. Kalra
260 ## - PUBLICATION, DISTRIBUTION, ETC. (IMPRINT)
Place of publication, distribution, etc New Delhi
Name of publisher, distributor, etc Vikas Publishing House
Date of publication, distribution, etc 1997
300 ## - PHYSICAL DESCRIPTION
Extent xxi, 118p.
Dimensions 18 cms.
942 ## - ADDED ENTRY ELEMENTS (KOHA)
Source of classification or shelving scheme Dewey Decimal Classification
Item type English Books
Classification part 362.29
Call number suffix KAL
Holdings
Withdrawn status Lost status Not for loan Collection code Home library Current library Date acquired Cost, normal purchase price Full call number Barcode Cost, replacement price Koha item type
      Non-fiction Sarojini Nagar Sarojini Nagar 11/06/2012 60.00 362.29 KAL A-902191 60.00 English Books

© Delhi Public Library
Hit Counter
free hit counter